| 000 | 01608nam a2200373Ia 4500 | ||
|---|---|---|---|
| 001 | ebr10170614 | ||
| 003 | CaPaEBR | ||
| 006 | m u | ||
| 007 | cr cn||||||||| | ||
| 008 | 060120s2006 enka sb 001 0 eng d | ||
| 020 | _z1845111923 (hbk.) | ||
| 020 | _z9781845111922 (hbk.) | ||
| 020 | _z1845111915 (pbk.) | ||
| 020 | _z9781845111915 (pbk.) | ||
| 040 |
_aCaPaEBR _cCaPaEBR |
||
| 035 | _a(OCoLC)191935432 | ||
| 050 | 1 | 4 |
_aPN1993.5.A65 _bK38 2006eb |
| 082 | 0 | 4 |
_a791.43658 _222 |
| 100 | 1 | _aKhatib, Lina. | |
| 245 | 1 | 0 |
_aFilming the modern Middle East _h[electronic resource] : _bpolitics in the cinemas of Hollywood and the Arab world / _cLina Khatib. |
| 260 |
_aLondon ; _aNew York : _bI.B. Tauris ; _aNew York : _bDistributed in the United States by Palgrave Macmillan, _c2006. |
||
| 300 |
_aviii, 242 p. : _bill. |
||
| 490 | 1 |
_aLibrary of modern Middle East studies ; _v57 |
|
| 504 | _aIncludes bibliographical references (p. [211]-227) and indexes. | ||
| 533 |
_aElectronic reproduction. _bPalo Alto, Calif. : _cebrary, _d2009. _nAvailable via World Wide Web. _nAccess may be limited to ebrary affiliated libraries. |
||
| 650 | 0 | _aPolitics in motion pictures. | |
| 650 | 0 |
_aMotion pictures _zArab countries _xHistory. |
|
| 650 | 0 |
_aMotion pictures _zUnited States _xHistory. |
|
| 651 | 0 |
_aMiddle East _xIn mass media. |
|
| 655 | 7 |
_aElectronic books. _2local |
|
| 710 | 2 | _aebrary, Inc. | |
| 830 | 0 |
_aLibrary of modern Middle East studies ; _v57. |
|
| 856 | 4 | 0 |
_uhttp://site.ebrary.com/lib/rucke/Doc?id=10170614 _zAn electronic book accessible through the World Wide Web; click to view |
| 999 |
_c249634 _d249634 |
||